000 00409nam a22001697a 4500
005 20180720112917.0
008 160618b xxu||||| |||| 00| 0 eng d
020 _a81-203-1209-0
041 _aeng
082 _b8207
_a658.16
100 _aSundarsasanam, P.S.
_94586
245 _aThe Essence of Mergers and Acquisitions
260 _bPHI
_c1997
300 _a297
650 _aManagement
_9241
942 _cBK
999 _c3158
_d3157